Sozialpolitik vor neuen Aufgaben Horst Sanmann zum 65. Geburtstag

Gespeichert in:
Bibliographische Detailangaben
Weitere Verfasser: Iwersen, Albrecht, Tuchtfeldt, Egon
Format: Buch
Sprache:Deutsch
Veröffentlicht: Bern Haupt 1993
Ausgabe:1. Aufl.
Schlagworte:
Tags: Tag hinzufügen
Keine Tags, Fügen Sie das erste Tag hinzu!

MARC

LEADER 00000nam a2200000 4500
001 c002888
005 20221206075033.6
020 |a 3-258-04720-0 
041 0 |a ger 
044 |a DE 
245 1 0 |a Sozialpolitik vor neuen Aufgaben  |b Horst Sanmann zum 65. Geburtstag  |c Edit. Albrecht Iwersen, Egon Tuchtfeldt 
250 |a 1. Aufl. 
264 1 |a Bern  |b Haupt  |c 1993 
300 |a 515 s. 
610 2 0 |a politika sociálna 
610 2 0 |a Nemecko 
610 2 0 |a Sanmann, H. 
610 2 0 |a politika sociálna podniková 
610 2 0 |a veda o podniku 
610 2 0 |a demografia 
610 2 0 |a západná Európa 
610 2 0 |a Južná Amerika 
610 2 0 |a príprava na povolanie 
610 2 0 |a trh práce 
610 2 0 |a rodina 
610 2 0 |a zdravie 
610 2 0 |a vek 
610 2 0 |a právo sociálne 
610 2 0 |a USA 
700 1 |a Iwersen, Albrecht 
700 1 |a Tuchtfeldt, Egon